<?xml version="1.0" encoding="UTF-8"?>
<record
    xmlns:xsi="http://www.w3.org/2001/XMLSchema-instance"
    xsi:schemaLocation="http://www.loc.gov/MARC21/slim http://www.loc.gov/standards/marcxml/schema/MARC21slim.xsd"
    xmlns="http://www.loc.gov/MARC21/slim">

  <leader>02110nam a22001697a 4500</leader>
  <controlfield tag="008">140714b        xxu||||| |||| 00| 0 eng d</controlfield>
  <datafield tag="020" ind1=" " ind2=" ">
    <subfield code="a">9789988626938</subfield>
  </datafield>
  <datafield tag="050" ind1=" " ind2=" ">
    <subfield code="a">BL2465.A77</subfield>
  </datafield>
  <datafield tag="100" ind1=" " ind2=" ">
    <subfield code="a">Assimeng, Max.</subfield>
  </datafield>
  <datafield tag="245" ind1=" " ind2=" ">
    <subfield code="a">Religion and social change in West Africa: an introduction to the sociology of religion. /</subfield>
    <subfield code="c">Max Assimeng</subfield>
  </datafield>
  <datafield tag="250" ind1=" " ind2=" ">
    <subfield code="a">2nd ed.</subfield>
  </datafield>
  <datafield tag="260" ind1=" " ind2=" ">
    <subfield code="a">Accra:</subfield>
    <subfield code="b">Woeli,</subfield>
    <subfield code="c">2010.</subfield>
  </datafield>
  <datafield tag="300" ind1=" " ind2=" ">
    <subfield code="a">x,291p.:</subfield>
    <subfield code="c">20cm.</subfield>
  </datafield>
  <datafield tag="500" ind1=" " ind2=" ">
    <subfield code="a">Includes index, bibliography and appendix.</subfield>
  </datafield>
  <datafield tag="505" ind1=" " ind2=" ">
    <subfield code="a">Contents: The social basics of religious behaviour: Introduction -- Religion and social structure -- Definitions of religion -- Social functions of religion -- Some theories of religion -- Social differentiation and religious participation -- Problem of method -- Conclusion -- The structure of traditional religion: Akan and Igbo paradigms: Introduction -- Institutional imperatives of social structure -- Dimensions of traditionality -- Structure of the spirit realm -- Centrality of 'Honhom Fi' (or evil spirit) -- conclusion -- Aspects of socio-religion change and the restructuring of identity: Introduction -- Social change and religion evolution -- Influence of missionary work -- Social differentiation and religious complexity -- Demographic implications of religious behaviour -- Conclusion -- The contemporary religious situation: Introduction -- Religious diversity: From the command to the personal -- The sectarian dimension -- The functions and dysfunctions of sects -- Sectarianism and the power nexus -- Conclusion -- Witchcraft beliefs and practices: A Ghanaian case study: Introduction Previous interpretations of witchcraft -- Witchcraft beliefs and cargo cultism -- A sample of requests for assistance -- Pursuit of delivrance, assurance and extraordinary power -- Conclusion -- The future of religion: The future of imported belief systems -- Revivalism and syncretism -- Secularization debate and the the West African scene -- Established religious and fragile states -- The political use ofIslam -- Religion and revolutionary regimes: A Ghana case study -- General conclusion.</subfield>
  </datafield>
  <datafield tag="942" ind1=" " ind2=" ">
    <subfield code="2">lcc</subfield>
    <subfield code="c">BK</subfield>
  </datafield>
  <datafield tag="999" ind1=" " ind2=" ">
    <subfield code="c">3129</subfield>
    <subfield code="d">10629</subfield>
  </datafield>
  <datafield tag="952" ind1=" " ind2=" ">
    <subfield code="0">0</subfield>
    <subfield code="1">0</subfield>
    <subfield code="2">lcc</subfield>
    <subfield code="4">0</subfield>
    <subfield code="7">0</subfield>
    <subfield code="a">WIUC-1</subfield>
    <subfield code="b">WIUC-1</subfield>
    <subfield code="c">REF</subfield>
    <subfield code="d">2014-07-14</subfield>
    <subfield code="l">0</subfield>
    <subfield code="o">BL2465.A77</subfield>
    <subfield code="p">7670/97/14</subfield>
    <subfield code="r">2014-07-14 00:00:00</subfield>
    <subfield code="t">1</subfield>
    <subfield code="w">2014-07-14</subfield>
    <subfield code="y">BK</subfield>
  </datafield>
  <datafield tag="952" ind1=" " ind2=" ">
    <subfield code="0">0</subfield>
    <subfield code="1">0</subfield>
    <subfield code="2">lcc</subfield>
    <subfield code="4">0</subfield>
    <subfield code="7">0</subfield>
    <subfield code="a">WIUC-1</subfield>
    <subfield code="b">WIUC-1</subfield>
    <subfield code="c">LL</subfield>
    <subfield code="d">2014-09-10</subfield>
    <subfield code="l">0</subfield>
    <subfield code="o">BL2465.A77</subfield>
    <subfield code="p">334/13</subfield>
    <subfield code="r">2014-09-10 00:00:00</subfield>
    <subfield code="w">2014-09-10</subfield>
    <subfield code="y">BK</subfield>
  </datafield>
</record>
